Butterworths : (Record no. 5894)

MARC details
000 -LEADER
fixed length control field 00587nam a22001817a 4500
008 - FIXED-LENGTH DATA ELEMENTS--GENERAL INFORMATION
fixed length control field 140630b xxu||||| |||| 00| 0 eng d
020 ## - INTERNATIONAL STANDARD BOOK NUMBER
International Standard Book Number 9-7814-0572-8904
082 ## - DEWEY DECIMAL CLASSIFICATION NUMBER
Edition number 22 ed.
Classification number 346.420434
Item number BUT
100 ## - MAIN ENTRY--PERSONAL NAME
Personal name Driscoll, James (consultant editor)
245 ## - TITLE STATEMENT
Title Butterworths :
Remainder of title Residential landlord and tenant handbook /
Statement of responsibility, etc James Driscoll (consultant editor)
250 ## - EDITION STATEMENT
Edition statement 5 ed.
260 ## - PUBLICATION, DISTRIBUTION, ETC. (IMPRINT)
Place of publication, distribution, etc UK :
Name of publisher, distributor, etc LexisNexis
Date of publication, distribution, etc 2009
300 ## - PHYSICAL DESCRIPTION
Extent xiii, 1864 P. ;
Dimensions 25 cm.
500 ## - GENERAL NOTE
General note Includes Index
650 ## - SUBJECT ADDED ENTRY--TOPICAL TERM
Topical term or geographic name as entry element Land law
650 ## - SUBJECT ADDED ENTRY--TOPICAL TERM
Topical term or geographic name as entry element Residential landlord and tenant handbook
942 ## - ADDED ENTRY ELEMENTS (KOHA)
Source of classification or shelving scheme Dewey Decimal Classification
Item type Books
Holdings
Withdrawn status Lost status Source of classification or shelving scheme Damaged status Not for loan Home library Current library Shelving location Date acquired Total Checkouts Full call number Barcode Date last seen Copy number Price effective from Koha item type Public note
    Dewey Decimal Classification     Law Development Centre Main Library Law Development Centre Main Library Text Books and Laws 06/30/2014   346.420434 BUT 9965/2014 06/30/2014 1 06/30/2014 Books reserve
    Dewey Decimal Classification     Law Development Centre Main Library Law Development Centre Main Library Text Books and Laws 06/30/2014   346.420434 BUT 9966/2014 06/30/2014 2 06/30/2014 Books reserve